Catálogo
 En Linea

Antología Poética / (Registro nro. 41803)

Detalles MARC
000 -CABECERA
campo de control de longitud fija 00645nam a2200193 a 4500
001 - NÚMERO DE CONTROL
campo de control 000042314
005 - FECHA Y HORA DE LA ÚLTIMA TRANSACCIÓN
campo de control 20201002040055.0
008 - DATOS DE LONGITUD FIJA--INFORMACIÓN GENERAL
campo de control de longitud fija 131122s1975 sp 000 0 spa d
020 ## - NÚMERO INTERNACIONAL ESTÁNDAR DEL LIBRO
Número Internacional Estándar del Libro 840181023X
040 ## - FUENTE DE LA CATALOGACIÓN
Centro catalogador/agencia de origen DO-SdBNP
Lengua de catalogación spa
Centro/agencia transcriptor BNPHU
082 ## - NÚMERO DE LA CLASIFICACIÓN DECIMAL DEWEY
Número de clasificación xxx
Número de documento/Ítem M386a
100 1# - ENTRADA PRINCIPAL--NOMBRE DE PERSONA
Nombre de persona Martinson, Harry
Fechas asociadas al nombre 1904-
9 (RLIN) 69368
245 10 - MENCIÓN DE TÍTULO
Título Antología Poética /
Mención de responsabilidad, etc. Harry Martinson ; Versión de Francisco J. Uriz.
260 ## - PUBLICACIÓN, DISTRIBUCIÓN, ETC.
Lugar de publicación, distribución, etc. Barcelona :
Nombre del editor, distribuidor, etc. Plaza & Janés
-- Esplugas de Llobregat,
Fecha de publicación, distribución, etc. 1975.
300 ## - DESCRIPCIÓN FÍSICA
Extensión 242 p ;
Dimensiones 20 cm.
490 1# - MENCIÓN DE SERIE
Mención de serie Selecciones de poesía universal
586 ## - NOTA DE PREMIOS
Nota de premios Premio Nobel de Literatura 1974
830 #0 - PUNTO DE ACCESO ADICIONAL DE SERIE-TÍTULO UNIFORME
Título uniforme Selecciones de poesía universal
9 (RLIN) 69369
Existencias
Estado de retiro Estado de pérdida Restricciones de uso No para préstamo Código de colección Localización permanente Ubicación/localización actual Ubicación en estantería Fecha de adquisición Número de inventario Total de préstamos Signatura topográfica completa Código de barras Fecha visto por última vez Precio válido a partir de Tipo de ítem Koha
      Excluido de préstamo Monografías: Libros y Folletos General General En catalogación 22.11.2013 LF1   xxx M386a 42314-10 25.06.2020 25.06.2020 No se presta

Con tecnología Koha